000 03134nam a2200337 a 4500
001 BRCA_2816
005 20190320204001.0
008 091208s1911----sp-#---###---#000-0#spa-u
041 _aspa
044 _asp
084 _a260
_b.L438
_c1911
100 1 _aCervantes Saavedra, Miguel de
_d1547-1616
_9213
245 1 0 _aEl Ingenioso Hidalgo Don Quijote de la Mancha
_cMiguel de Cervantes Saavedra.
260 _aMadrid
_bEdiciones de la Lectura
_c1911
300 _a8 v.
_c24 cm.
440 0 _aClásicos castellanos
_97901
500 _aContenido : v 1. Primera parte. Prólogo de F. Rodríguez Marín. Dedicatoria del autor. Prólogo del autor. Versos preliminares. Texto. -- v 2. Texto. -- v 3. Texto. -- v 4. Texto. -- v 5. Segunda parte. Dedicatoria del autor. Prólogo del autor. Texto. -- v 6. Texto. -- v 7. Texto. -- v 8. Texto
500 _aEdición : Edición y notas de Francisco Rodríguez Marín de la R. Academia Española
500 _aOtra de las más notables ediciones publicadas hasta esos días. Rodríguez Marín, uno de los más prominentes cervantistas españoles, tanto por su vasta erudición como por la amplitud de sus estudios y ocupaciones -decicó 40 años a la indagación cervantina, fue abogado, periodista, poeta, investigador, director de la Biblioteca Nacional, y crítico literario- aportó mucho al esclarecimineto de las minucias históricas y literarias de la época filipina con sus prolijas notas. Por otra parte, contribuyó no poco a la aclaración de ciertos aspectos de la vida de Cervantes con el descubrimiento de numerosos documentos nuevos. El texto de su edición fue durante mucho tiempo considerado como el más depurado. Mas, últimamente se le critica de haber incurrido con frecuencia en los mismos errores que reprochaba a sus predecesores, sobre todo, a Clemencín. Además, como conservador, aunque moderado y serio, se fijaba mucho más en la letra que en el espíritu y contenido de la novela, habiéndola considerando como mero libro de entretenimiento y buen decir. Su conservadurismo se manifiesta en su afirmación, según la cual, la Inquisición prácticamente no habría tocado la obra, a pesar de que el Santo Oficio portugués -a la sazón dependiente del español por formar parte Portugal del Imperio de los Austrias- había mandado expurgar por lo menos doce pasajes, la mayoría de los cuales eran poco respetuosos para con la Iglesia católica y sus ministros. La impresión hecha sobre el papel pluma, con tipos finos y claros, es excelente. Rústica Lúdovik Osterc
500 _aEstado físico : La encuadernación del primer volúmen es de papel
500 _aExistencias : Ejemplar numerado con el folio 117
500 _aQM1169
650 1 4 _aNovela española
_yÉpoca clásica, 1500-1700
_9215
650 1 4 _aLiteratura española
_yÉpoca clásica, 1500-1700
_9216
650 1 4 _aNovela española
_ySiglo XVII
_9217
650 1 4 _aDon Quijote (Personaje ficticio)
_eNovela
_9218
700 1 _aRodríguez Marín, Francisco
_d1855-1945
_eAnotador
_97902
740 0 _aEl Ingenioso Hidalgo Don Quijote de la Mancha
902 _aQFM
942 _2lcc
_cB
999 _c2556
_d2556